000
00310nam a22001337a 4500
020
_a
817826335-1
082
_a
823
_b
ROH/T
100
_a
ROHAN BOOK COMPANY
245
_a
THE THREE LITTLE PIGS
260
_a
DELHI
_b
ROHAN BOOK COMPANY
_c
2003
300
_a
222
650
_a
MODERN ILLUSTRATED CLASSICS
942
_c
BK
999
_c
317
_d
317